| 000 | 01893cam a22003494a 4500 | ||
|---|---|---|---|
| 001 | 17097921 | ||
| 005 | 20260701102324.0 | ||
| 008 | 111228s2012 ilu b 001 0 eng | ||
| 010 | _a 2011051590 | ||
| 020 | _a9780830838110 | ||
| 035 | _a17097921 | ||
| 035 | _a(OCoLC)759909795 | ||
| 040 |
_aDLC _beng _cDLC _dYDX _dBTCTA _dYDXCP _dBDX _dBWX _dSGB _dDLC |
||
| 042 | _apcc | ||
| 050 | 0 | 0 |
_aBV4511 _b.I87 2012 |
| 082 | 0 | 0 |
_a248.4 _223 |
| 100 | 1 | _aIssler, Klaus Dieter. | |
| 245 | 1 | 0 |
_aLiving into the life of Jesus : _bthe formation of Christian character / _cKlaus Issler ; foreword by Calvin Miller. |
| 260 |
_aDowners Grove, Ill. : _bIVP Books, _cc2012. |
||
| 300 |
_a239 p. ; _c23 cm. |
||
| 504 | _aIncludes bibliographical references and indexes. | ||
| 505 | 0 | _aForm your heart, not just your behavior -- Wake up to five formation gaps -- Adapt formation practices for your journey -- Love: divine relational support in Jesus' life and ours -- Holy spirit: divine mentoring in Jesus' life and ours -- Scripture: divine revelation of reality and a "Jesus" lifestyle -- Three exemplary Jesus practices about relationships -- Three exemplary Jesus practices about money and work. | |
| 520 | _aKlaus Issler derives insights from the life of Jesus in the Gospels to uncover the dynamics of becoming Christlike. You will discover how you can forge much deeper connections with Jesus so that his life begins to permeate your own character. --from publisher description | ||
| 583 |
_aCataloguing: _c20260701 _kmketermketer |
||
| 600 | 0 | 0 |
_aJesus Christ _xExample. |
| 650 | 0 | _aSpiritual formation. | |
| 650 | 0 |
_aCharacter _xReligious aspects _xChristianity. |
|
| 906 |
_a7 _bcbc _corignew _d1 _eecip _f20 _gy-gencatlg |
||
| 942 |
_2lcc _cBK |
||
| 999 |
_c21738 _d21737 |
||